000 00407nam a2200181Ia 4500
005 20240823055253.0
008 240823s9999||||xx |||||||||||||| ||und||
041 _aENGLISH
082 _A006.76 P9
100 _a"Giametta,Chris"
245 0 _aPro Flex on Spring
250 _a1st
260 _c2009
_bApres
500 _aYES
650 _aPro flex
_bComputer Science
942 _cBK
999 _c228392
_d228392